Regions of Countries *12 - Statistics

General Stats
  • This quiz has been taken 95 times
    75 since last reset
  • The average score is 12 of 20
Answer Stats
Region Country % Correct
Hokkaido Japan
96%
Crimea Russia
94%
Florida United States
94%
Canary Islands Spain
93%
Western Sahara Morocco
90%
Somaliland Somalia
87%
Ionian Islands Greece
85%
Poitou-Charentes France
84%
Lombardy Italy
84%
Azad Jammu and Kashmir Pakistan
78%
Transcarpathian Lowland Ukraine
53%
Umm al-Quwain United Arab Emirates
51%
Hawke's Bay New Zealand
50%
Alentejo Portugal
43%
Borgo Maggiore San Marino
34%
Katanga Democratic Republic of the Congo
29%
Visayas Philippines
29%
Semberija Bosnia and Herzegovina
19%
Masvingo Zimbabwe
19%
Bas-Sassandra Cote D'Ivoire
4%
No matching quizzes found
Score Distribution
Percent of People with Each Score
Percentile by Number Answered
Your Score History
You have not taken this quiz since the last reset